000
00290nam a22001337a 4500
008
181009b xxu||||| |||| 00| 0 eng d
020
_a
9780721681245
041
_a
eng
080
_a
610
100
_a
4
101
_a
SHM
245
_a
Medical Terminology
_c
Chabner, D.E
942
_2
udc
_c
BK
999
_c
49103
_d
49103